Technical, industrial, vocational, and entrepreneurship training : (Record no. 816)
[ view plain ]
| 000 -LEADER | |
|---|---|
| fixed length control field | 00455nam a22001097a 4500 |
| 050 00 - LIBRARY OF CONGRESS CALL NUMBER | |
| Classification Number | TK146 |
| Item Number | .K46 2009 |
| 245 20 - TITLE | |
| Title | Technical, industrial, vocational, and entrepreneurship training : |
| Remainder of title | diploma in electrical and electronic engineering power options syllabus and regulations / |
| Statement of responsibility, etc | Kenya Institute of Education. |
| 260 ## - PUBLICATION, DISTRIBUTION, ETC.(IMPRINT) | |
| Place of publication, distribution, etc | Kenya; Nairobi: |
| Name of publisher, distributor, etc | K.I.E. |
| Date of publication, distribution, etc | 2009. |
| 300 ## - PHYSICAL DESCRIPTION | |
| Extent | xiv, 368 p. ; |
| 650 #0 - SUBJECT--TOPIC | |
| Form subdivision | Electronic engineering. |
| General subdivision | syllabus and regulations. |
| 942 ## - ADDED ENTRY ELEMENTS(KOHA) | |
| Koha item type | General circulation |
| Source of classification or shelving scheme | Not for loan | Location (home branch) | Sublocation (holding branch) | Date accessioned | Cost, normal purchase price | Full call number | Barcode | Cost, replacement price | Nonpublic note | Koha item type | Public note |
|---|---|---|---|---|---|---|---|---|---|---|---|
| Library of Congress Classification | Main Campus Library | Main Campus Library | 13/08/2014 | 1000.00 | TK 146 .K46 | 2019/024974 | 1500.00 | Rono | General circulation | Rono |